| 000 | 01002cam a2200313 4500 | ||
|---|---|---|---|
| 001 | J93999 | ||
| 008 | 090401t1998 xxu||||| |||| 00| 0 eng d | ||
| 035 | _a(Sirsi) u88600 | ||
| 041 | _aeng | ||
| 050 | _a333.330715 | ||
| 110 |
_aResidential Estate Agency Training and Education Association _937 |
||
| 245 | _aNational occupational standards : residential property letting and management agency. | ||
| 260 |
_aExeter _bREATEA _c1998 |
||
| 300 | _a90,54p. ; 30cm. | ||
| 350 | _a27.5 | ||
| 520 | _aCover title: Residential Property Letting & Management Standards of Competence Levels 2 and 3. | ||
| 650 | _aESTATE AGENCY | ||
| 650 | _aNVQS | ||
| 650 | _aQUALIFICATIONS | ||
| 650 | _aRESIDENTIAL ESTATE AGENCY | ||
| 650 |
_aRESIDENTIAL PROPERTY _96266 |
||
| 650 | _aSKILLS | ||
| 650 | _aSTANDARDS OF COMPETENCE | ||
| 650 | _aSVQS | ||
| 650 | _aCAREERS, EDUCATION AND TRAINING | ||
| 690 | _aMANAGEMENT-BUSINESS MANAGEMENT-PROFESSIONAL PRACTICE | ||
| 942 | _n0 | ||
| 948 | _c23/09/1998 | ||
| 999 |
_c97358 _d97358 |
||